India-Pakistan war 1965 (Record no. 367203)

000 -LEADER
fixed length control field 00348cam a22001217a 4500
008 - FIXED-LENGTH DATA ELEMENTS--GENERAL INFORMATION
fixed length control field 180718b1967-68 xxu||||| |||| 00| 0 eng d
082 ## - DEWEY DECIMAL CLASSIFICATION NUMBER
Classification number D49x54 G959
100 ## - MAIN ENTRY--PERSONAL NAME
Personal name Gupta, Hari Ram
245 ## - TITLE STATEMENT
Title India-Pakistan war 1965
Statement of responsibility, etc. by Hari Ram Gupta
260 ## - PUBLICATION, DISTRIBUTION, ETC.
Place of publication, distribution, etc. Delhi
Name of publisher, distributor, etc. Hariyana Prakashan
Date of publication, distribution, etc. 1967-68
300 ## - PHYSICAL DESCRIPTION
Extent 2v.
650 ## - SUBJECT ADDED ENTRY--TOPICAL TERM
Topical term or geographic name entry element India-Pakistan Conflict, 1965
Holdings
Withdrawn status Lost status Damaged status Not for loan Permanent Location Current Location Date acquired Full call number Barcode Date last seen Price effective from Koha item type
        Indian Institute of Public Administration Indian Institute of Public Administration 1994-05-11 D49x54 G959 41743 2018-07-21 2018-07-21 Book
        Indian Institute of Public Administration Indian Institute of Public Administration 1994-05-11 D49x54 G959 41742 2018-07-21 2018-07-21 Book

Powered by Koha